000 01594nam a22003977a 4500
001 4944895
003 OSt
005 20210422063510.0
008 960729s1997 nyua b 001 0 eng c
010 _a 96030172
020 _a0195112512 (alk. paper)
040 _aDNLM/DLC
_cDLC
_deng
_beng
041 _aeng
050 0 0 _aR464.O8
_bB78 1997
060 1 0 _aWZ 100 O82Ba 1997
080 _a92
_bB-91
082 0 0 _a610/.1
_aB
_220
100 1 _aBryan, Charles S.
245 1 0 _aOsler :
_binspirations from a great physician /
_c/ by: Oxford University Press
260 _aNew York :
_bOxford University Press,
_c1997.
300 _axiv, 253 p. :
_bill. ;
_c25 cm.
504 _aIncludes bibliographical references (p. 221-245) and index.
600 1 0 _aOsler, William,
_cSir,
_d1849-1919
_xPhilosophy.
600 1 0 _aOsler, William,
_cSir,
_d1849-1919
_xInfluence.
600 1 2 _aOsler, William,
_cSir,
_d1849-1919.
650 1 2 _aPhysicians
_xbiography.
650 1 0 _aBiography
_9237
653 _aბიოგრაფია
653 _aექიმები
856 4 2 _3Publisher description
_uhttp://www.loc.gov/catdir/enhancements/fy0603/96030172-d.html
856 4 1 _3Table of contents only
_uhttp://www.loc.gov/catdir/enhancements/fy0603/96030172-t.html
856 4 2 _3Contributor biographical information
_uhttp://www.loc.gov/catdir/enhancements/fy0726/96030172-b.html
906 _a7
_bcbc
_corignew
_d1
_eocip
_f19
_gy-gencatlg
942 _2udc
_cBK
999 _c827
_d827